Workbook for emergency care in the streets
Guardat en:
| Autor principal: | |
|---|---|
| Format: | Llibre |
| Idioma: | anglès |
| Publicat: |
Little Brown
1987
|
| Etiquetes: |
Afegir etiqueta
Sense etiquetes, Sigues el primer a etiquetar aquest registre!
|
MARC
| LEADER | 00000nam a22000007a 4500 | ||
|---|---|---|---|
| 008 | 210121b ||||| |||| 00| 0 eng d | ||
| 020 | |a 0-316-55437-5 | ||
| 100 | |a McCLINTOCK, James C. | ||
| 245 | |a Workbook for emergency care in the streets | ||
| 250 | |b 3rd ed |c James C. McClintock, Nancy L. | ||
| 260 | |b Little Brown |c 1987 |h Boston |i 680605 |l RA646 .M22 | ||
| 942 | |a lcc |c BK |e j o ifatola | ||
| 952 | |0 0 |1 0 |2 lcc |4 0 |6 RA0646 M22 |7 0 |9 1373 |a HOL |b HOL |c QZ |d 2021-01-21 |l 0 |o RA646 .M22 |p 2021-0178 |r 2021-01-21 00:00:00 |w 2021-01-21 |y BK | ||
| 952 | |0 0 |1 0 |2 lcc |4 0 |6 RA0646 M22 |7 0 |9 1376 |a HOL |b RF |c QZ |d 2021-01-21 |l 0 |o RA646 .M22 |r 2021-01-21 00:00:00 |w 2021-01-21 |y BK | ||
| 999 | |c 718 |d 718 | ||